[Event "SRB-chT2 East"]
[Site "Serbia"]
[Date "2007.09.23"]
[Round "3.3"]
[White "Zivic, Dragan"]
[Black "Ilcic, Radoslav"]
[Result "1/2-1/2"]
[WhiteElo "2307"]
[BlackElo "2201"]
[PlyCount "120"]
[EventDate "2007.09.09"]
[EventType "team"]
[EventRounds "11"]
[EventCountry "SRB"]
[SourceTitle "EXT 2012"]
[Source "ChessBase"]
[SourceDate "2011.11.24"]
[SourceVersion "1"]
[SourceVersionDate "2011.11.24"]
[SourceQuality "1"]
[WhiteTeam "Nis Telekom"]
[BlackTeam "Zeleni Svrljig"]
[WhiteTeamCountry "SRB"]
[BlackTeamCountry "SRB"]

1. e4 e5 2. Nf3 Nc6 3. d4 exd4 4. Nxd4 Bc5 5. Be3 Qf6 6. c3 Nge7 7. Bc4 Qg6 8. 0-0 Qxe4 9. Nd2 Qg6 10. Nxc6 Qxc6 11. Bxf7+ Kxf7 12. Qh5+ g6 13. Qxc5 Qxc5 14. Bxc5 d6 15. Bd4 Re8 16. c4 Bd7 17. Nf3 Nf5 18. Ng5+ Kg8 19. Bc3 h6 20. Nf3 Bc6 21. Nd4 Nxd4 22. Bxd4 Re4 23. Rad1 Rae8 24. f3 Re2 25. Rf2 Re1+ 26. Rxe1 Rxe1+ 27. Rf1 Re2 28. Rc1 a6 29. Kf1 Re7 30. Kf2 Kf7 31. Be3 g5 32. h4 Kg6 33. Rd1 Rf7 34. Rd4 Bd7 35. hxg5 hxg5 36. c5 dxc5 37. Rd5 g4 38. Rxc5 gxf3 39. gxf3 Bc6 40. Rg5+ Kf6 41. f4 Rh7 42. Bd4+ Ke6 43. Bc3 Rh3 44. f5+ Kd6 45. f6 Rh2+ 46. Ke3 Rh3+ 47. Kf4 Rf3+ 48. Kg4 Rf1 49. Kh5 Bd5 50. a3 Bb3 51. Kg6 c5 52. Kg7 b6 53. Be5+ Kc6 54. Rg6 Kb5 55. Bc7 Rf3 56. Bxb6 Bc2 57. Rh6 Rg3+ 58. Kh8 Bb3 59. Bc7 Rg8+ 60. Kh7 Rg2 1/2-1/2

[Event "SCG-chT1 Central"]
[Site "Vrnjacka Banja"]
[Date "2004.09.26"]
[Round "2.5"]
[White "Ilcic, Radoslav"]
[Black "Novakovic, Slobodan"]
[Result "0-1"]
[WhiteElo "2181"]
[BlackElo "2135"]
[PlyCount "130"]
[EventDate "2004.09.25"]
[EventType "team"]
[EventRounds "11"]
[EventCountry "YUG"]
[SourceTitle "CBM 102 Extra"]
[Source "ChessBase"]
[SourceDate "2004.11.03"]
[SourceVersion "1"]
[SourceVersionDate "2004.11.03"]
[SourceQuality "1"]
[WhiteTeam "09"]
[BlackTeam "01"]
[WhiteTeamCountry "YUG"]
[BlackTeamCountry "YUG"]

1. e4 d6 2. d4 g6 3. Nf3 Bg7 4. c3 Nf6 5. Bd3 0-0 6. 0-0 Nc6 7. h3 e5 8. Re1 Re8 9. Nbd2 Nh5 10. dxe5 Nf4 11. Bc4 dxe5 12. Nb3 Be6 13. Bxe6 Nxe6 14. Qxd8 Raxd8 15. Be3 Rd3 16. Ng5 Rxe3 17. Rxe3 Nxg5 18. Rd1 Bf8 19. Kf1 Bd6 20. h4 Ne6 21. Nd2 b5 22. a4 a6 23. b4 Rb8 24. axb5 axb5 25. Ra1 Kf8 26. g3 Ke7 27. Ke2 f5 28. Rd3 Ng7 29. Ra6 Nd8 30. Rd5 Ne8 31. Ra5 c6 32. Rd3 Nf6 33. Ra7+ Rb7 34. Ra8 Nf7 35. f3 Rd7 36. Rc8 Rc7 37. Ra8 c5 38. bxc5 Bxc5 39. Rb8 Nd6 40. exf5 gxf5 41. g4 e4 42. fxe4 fxe4 43. Rg3 Nd5 44. Rh8 Ke6 45. h5 Nf4+ 46. Ke1 b4 47. c4 Bd4 48. Rf8 Ke5 49. Kd1 Bc3 50. Nf1 Rd7 51. Kc2 Ne6 52. Ra8 Nd4+ 53. Kb1 Nxc4 54. g5 Rf7 55. Nh2 Na3+ 56. Rxa3 bxa3 57. Rxc3 Rb7+ 58. Ka1 Kf4 59. g6 hxg6 60. hxg6 Rb2 61. Ng4 Nb3+ 62. Rxb3 Rxb3 63. g7 Rb8 64. Nf6 e3 65. Nd5+ Kf3 0-1

[Event "Serbia-chT central"]
[Site "Golubac"]
[Date "2003.??.??"]
[Round "?"]
[White "Bradic, Rade"]
[Black "Ilcic, Radoslav"]
[Result "0-1"]
[WhiteElo "1888"]
[BlackElo "2179"]
[PlyCount "78"]
[EventDate "2003.09.27"]
[EventType "team"]
[EventRounds "11"]
[EventCountry "YUG"]
[SourceTitle "CBM 096 Extra"]
[Source "ChessBase"]
[SourceDate "2003.10.22"]
[SourceVersion "2"]
[SourceVersionDate "2003.10.20"]
[SourceQuality "1"]

1. e4 e5 2. Nf3 Nc6 3. d4 exd4 4. Nxd4 Bc5 5. Nxc6 Qf6 6. Qf3 dxc6 7. Qxf6 Nxf6 8. Bd3 Be6 9. h3 h6 10. Nc3 0-0-0 11. 0-0 Nd7 12. Re1 Bb4 13. Bf4 Nc5 14. Re3 Bxc3 15. bxc3 Na4 16. c4 Nb6 17. a4 Nxc4 18. Bxc4 Bxc4 19. Be5 f6 20. Bc3 Rhe8 21. h4 Rd7 22. Rae1 b6 23. h5 a5 24. Kh2 c5 25. g4 Be6 26. Kg3 Rde7 27. f3 Bd7 28. e5 f5 29. e6 Bxa4 30. gxf5 Bxc2 31. Kf4 Rf8 32. Re4 a4 33. Rg1 Bxe4 34. Kxe4 b5 35. Bxg7 Rg8 36. Ke5 Rgxg7 37. Rxg7 Rxg7 38. f6 Rg5+ 39. Kf4 Kd8 0-1

[Event "Serbia-chT central"]
[Site "Golubac"]
[Date "2003.??.??"]
[Round "?"]
[White "Ilcic, Radoslav"]
[Black "Popovic, Nenad"]
[Result "1/2-1/2"]
[WhiteElo "2179"]
[BlackElo "2214"]
[PlyCount "105"]
[EventDate "2003.09.27"]
[EventType "team"]
[EventRounds "11"]
[EventCountry "YUG"]
[SourceTitle "CBM 096 Extra"]
[Source "ChessBase"]
[SourceDate "2003.10.22"]
[SourceVersion "2"]
[SourceVersionDate "2003.10.20"]
[SourceQuality "1"]

1. e4 c6 2. d4 d5 3. exd5 cxd5 4. Bd3 Nc6 5. c3 g6 6. h3 Bg7 7. Nf3 h5 8. Nbd2 Bf5 9. Bxf5 gxf5 10. Nf1 e6 11. Qe2 Nge7 12. Bg5 Qd6 13. Nh4 Rc8 14. Rd1 f6 15. Bc1 Kf7 16. Ng3 Ng6 17. Nxg6 Kxg6 18. Qf3 h4 19. Ne2 Ne7 20. Nf4+ Kf7 21. 0-0 Rcd8 22. Rfe1 e5 23. dxe5 fxe5 24. Nxd5 Nxd5 25. c4 Qb4 26. cxd5 Kg6 27. Qe3 Bf6 28. b3 Rh5 29. Bd2 Qd6 30. Bc3 f4 31. Qe4+ Kh6 32. Bb4 Qd7 33. d6 Rg8 34. Kh2 Rhg5 35. Rg1 b6 36. Rc1 Bd8 37. Rc2 a5 38. Ba3 R8g6 39. f3 b5 40. Rd2 b4 41. Bb2 Rxd6 42. Rxd6+ Qxd6 43. Rc1 Bf6 44. Rc6 Qd2 45. Rxf6+ Kg7 46. Rg6+ Rxg6 47. Qxe5+ Kh6 48. Qh8+ Kg5 49. Bd4 Qe1 50. Qd8+ Kh5 51. Qh8+ Rh6 52. Qf8 Qg3+ 53. Kh1 1/2-1/2